000 00818nam a2200337 i 4500
001 325448
003 DO-SdBNP
005 20180207110753.0
007 325448
008 920825s1996 sp | | | spa
016 7 _a
_z
_2BPMSU
017 _a
_b
020 _a0590974092
035 _a
040 _aBPMSU
_bspa
_cBPMSU
041 1 _aspa
_h
080 4 _a
100 1 _aMacLachlan, Patricia
240 1 0 _aSarah, plain and tall
_lEspaƱol
245 1 0 _aSarah, sencilla y alta /
_cPatricia Maclachlan.
_h
250 _a
260 _a
_aNew York :
_bScholastic,
_c1996
300 _a64 p. :
_bil.;
_c 21 cm
490 _a
_v
700 1 _a
_d
700 1 _a
830 _a
_v
942 _2ddc
_cBK
945 _aInventariado, 2018 / LP
956 _aVMATEO
_320160421
_6BPMSU
_80069
_b10
999 _c9906
_d9906